| 000 | 00417cam a22001337a 4500 | ||
|---|---|---|---|
| 008 | 180718b2003 xxu||||| |||| 00| 0 eng d | ||
| 020 | _a8180960056 | ||
| 082 | _aBA27x54 G949sc | ||
| 100 | _aGulalia, Akash | ||
| 245 |
_aScavengers in twenty first century realities of rehabilitation _cby Akash Gulalia |
||
| 260 |
_aNew Delhi _bSaloni _c2003 |
||
| 300 | _a185p. | ||
| 650 | _aRefuse collectors --Rehabilitation --India. | ||
| 999 |
_c402817 _d402817 |
||